书目信息 |
| 题名: |
汽车发动机构造及检修
|
|
| 作者: | 耿新钟 , 景强 主编 | |
| 分册: | ||
| 出版信息: | 天津 天津科学技术出版社 2018 |
|
| 页数: | 217页 | |
| 开本: | 26cm | |
| 丛书名: | 山东省示范校建设丛书 | |
| 单 册: | ||
| 中图分类: | U464.03 , U472.43 | |
| 科图分类: | ||
| 主题词: | 汽车--发动机--构造 , 汽车--发动机--车辆修理 | |
| 电子资源: | ||
| ISBN: | 978-7-5576-4704-9 | |
| 000 | 00975oam2 2200289 45 | |
| 001 | 012001003763 | |
| 005 | 20131105151606.0 | |
| 010 | @a978-7-5576-4704-9@dCNY40.00 | |
| 100 | @a20181129d2018 em y0chiy50 ea | |
| 101 | 0 | @achi |
| 102 | @aCN@b120000 | |
| 105 | @aa z 000yy | |
| 106 | @ar | |
| 200 | 1 | @a汽车发动机构造及检修@9qi che fa dong ji gou zao ji jian xiu@f耿新钟,景强主编 |
| 210 | @a天津@c天津科学技术出版社@d2018 | |
| 215 | @a217页@c图@d26cm | |
| 225 | 1 | @a山东省示范校建设丛书 |
| 330 | @a本书共分八个模块,内容包括:汽车发动机检修的常用机具、发动机的工作原理与结构、曲柄连杆机构、配气机构、燃料供给系、发动机润滑系、冷却系等。 | |
| 461 | 0 | @12001 @a山东省示范校建设丛书 |
| 606 | 0 | @a汽车@x发动机@x构造 |
| 606 | 0 | @a汽车@x发动机@x车辆修理 |
| 690 | @aU464.03@v5 | |
| 690 | @aU472.43@v5 | |
| 701 | 0 | @a耿新钟@9geng xin zhong@4主编 |
| 701 | 0 | @a景强@9jing qiang@4主编 |
| 801 | 0 | @aCN@b上海新华@c20191020 |
| 905 | @b1206562-4@dU464.03@e908@f3 | |
| 汽车发动机构造及检修/耿新钟,景强主编.-天津:天津科学技术出版社,2018 |
| 217页:图;26cm.-(山东省示范校建设丛书) |
| ISBN 978-7-5576-4704-9:CNY40.00 |
| 本书共分八个模块,内容包括:汽车发动机检修的常用机具、发动机的工作原理与结构、曲柄连杆机构、配气机构、燃料供给系、发动机润滑系、冷却系等。 |
| ● |
| 相关链接 |
|
|
|
|
正题名:汽车发动机构造及检修
索取号:U464.03/908
 
预约/预借
| 序号 | 登录号 | 条形码 | 馆藏地/架位号 | 状态 | 备注 |
| 1 | 1206562 | 212065628 | 第二样本阅览室/ [索取号:U464.03/908] | 在馆 | |
| 2 | 1206563 | 212065637 | 第三借阅区/ [索取号:U464.03/908] | 在馆 | |
| 3 | 1206564 | 212065646 | 第三借阅区/ [索取号:U464.03/908] | 在馆 |